Alle eingesetzten Torhüter von Bayern München seit 1990 - Statistiken

Allgemein
  • Dieses Quiz wurde 482 mal gespielt
    235 seit der letzten Aktualisierung
  • Das Durchschnittsergebnis liegt bei 12 aus 22
Antwortstatistiken
Zeitraum Einsätze Spieler % Korrekt
seit 2011 367 Manuel Neuer
99%
1994-2008 429 Oliver Kahn
98%
seit 2015* 66 Sven Ulreich
96%
2008-2012 63 Hans-Jörg Butt
82%
seit 2025 8 Jonas Urbig
82%
seit 2024 4 Daniel Peretz
79%
2023 19 Yann Sommer
73%
2012-2018 10 Tom Starke
72%
2021 1 Alex Nübel
68%
2004-2010 53 Michael Rensing
66%
2015 3 Pepe Reina
56%
2011 12 Thomas Kraft
54%
1984-1994 216 Raimond Aumann
44%
2022 1 Christian Früchtl
38%
1999-2007 12 Bernd Dreher
37%
1991 8 Toni Schumacher
28%
2014 2 Lukas Raeder
21%
1990-1999 20 Sven Scheuer
21%
1999-2003 6 Stefan Wessels
19%
1991-1995 7 Uwe Gospodarek
15%
1991-1992 17 Gerald Hillringhaus
8%
1995-1996 2 Michael Probst
3%
Keine übereinstimmenden Quizze gefunden
Verteilung der Resultate
Anzahl Personen mit jedem Resultat
Perzentil nach korrekt beantworteten Fragen
Ihre Resultats-Entwicklung
Sie haben dieses Quiz seit der letzten Aktualisierung nicht gespielt